The SPFL Manager Quiz - Statistics

General Stats
  • This quiz has been taken 19 times
    4 since last reset
  • The average score is 17 of 21
Answer Stats
Club Nationality Manager % Correct
Hibernian Scottish David Gray
100%
Livingston Scottish David Martindale
100%
Hearts Scottish Derek McInnes
100%
Dundee United Scottish Jim Goodwin
100%
Celtic Northern Irish Martin O'Neil
100%
Livingston English Marvin Bartley
100%
Rangers Scottish Russell Martin
100%
Livingston Canadian Scott Arfield
100%
Dundee Scottish Steven Pressley
100%
Aberdeen Irish Steven Robinson
100%
St Mirren Irish Steven Robinson
100%
Celtic Northern Irish Brendan Rodgers
67%
St Mirren Scottish Craig Mcleish
67%
Rangers German Danny Rohl
67%
Motherwell Danish Jens Berthel Askou
67%
Aberdeen Swedish Jimmy Thelin
67%
Falkirk Scottish John McGlynn
67%
Kilmarnock Scottish Neil McCann
67%
Celtic French Wilfried Nancy
67%
Aberdeen Scottish Peter Levin
33%
Kilmarnock Scottish Stuart Kettlewell
33%
No matching quizzes found
Score Distribution
Percent of People with Each Score
Percentile by Number Answered
Your Score History
You have not taken this quiz since the last reset